| 000 | 01253nam a22003257a 4500 | ||
|---|---|---|---|
| 001 | BR8201580 | ||
| 003 | BR-BrBNA | ||
| 005 | 20230928091259.0 | ||
| 007 | ta | ||
| 008 | 230509b bl.||||| |||| 00| 0 por d | ||
| 040 |
_aBR-BrBNA _bpor _cBiblioteca Nacional de Agricultura |
||
| 041 | _a(Por) | ||
| 072 |
_aH20 _b1410 _b4110 _b3575 |
||
| 090 | _ 1410 BR8201580 | ||
| 100 | 1 | _aArias, A.R.O. | |
| 110 | 1 |
_aEscola Superior de Agricultura Luiz de Queiroz, Piracicaba, SP (Brasil) _0Tese (Mestre em Fitopatologia) |
|
| 245 | 1 | _aCorrelacao entre resistencia foliar e infeccao de sementes em variedades de feijoeiro inoculadas com Xanthomonas phaseoli (E.F.Sm)Dows. 1939 [Phaseolus vulgaris; Crestamento] | |
| 246 | 1 | _a[Correlation between foliar resistance and seed infection in bean plant varieties inoculated with Xanthomonas phaseoli (E.F.Sm.)Dows. 1939 [Phaseolus vulgaris; Sunburn]] | |
| 260 | 3 |
_aPiracicaba, SP (Brasil): _c1982. |
|
| 300 | _a105 p. | ||
| 500 | _a6 illus.; 36 tables; Bibliography p. 73-81 (106 ref.); Summaries (Eng, Por) | ||
| 650 | _aFEIJAO | ||
| 650 | _aCRESTAMENTO | ||
| 650 | _aSEMENTE | ||
| 650 | _aFOLHA | ||
| 650 | _aINFECCAO | ||
| 650 | _aINOCULACAO | ||
| 909 |
_a202309 _bLucia _c55 _dLucia Elande |
||
| 942 | _cBK | ||
| 999 |
_c33184 _d33184 |
||